01739nam a22002177a 450000500170000000800410001704000550005804100080011308200150012110000370013624500520017326000710022530000370029649000390033350006920037250503360106450600210140065000370142165000240145865100390148220240116095915.0130510n ck ||||fr|||| 00| fdspa d cSandra Yazo (modificó)dSandra Yazo (modificó)0 aspa04220a863.441 aRueda Vargas, Tomásd1879-194310aLa Sabana de Bogotácpor Tomás Rueda Vargas aBogotá (Colombia)bEditorial Minerva S. A. c[fecha desconocida] a199, [1] páginasc18 x 14 cm.  0aBiblioteca Aldeana de Colombiav58 aDetalles físicos: Sin encuadernación original. Actualmente: Encuadernación rígida (holandesa) en cartón forrado en papel jaspeado en tono azul. Lomo de tela, con letras y líneas decorativas en dorado. Cortes decorados (jaspeado azul). Guardas. Hoja de cortesía. Portada impresa en una sola tinta. Grabado con el emblema de la Colección. Texto impreso en una sola columna, con diferentes tipos y tamaños de letra. Notas de pie de página. Papel oxidado en bordes de las hojas. En la encuadernación (lomo) se indica una numeración (58). Colección Aldeana de Colombia es una selección de Samper Ortega de Literatura Colombiana. Cuadernillo suelto (páginas 5-12)0 aTomás Rueda Vargas ; La Sabana ; La exposición pecuaria de 1928 ; La colonización de las orillas del Magdalena ; El crédito campesino ; De los sitios evocadores, Canoas ; Antonio María Díaz ; La influencia del campo en Vergara y Vergara ; Fiesta galaante ; Confidencias campesinas ; Prólogo ; En los corrales de Paiba aConsulta en sala 7aNovela colombiana ySiglo XIX-XX 7aNovela costumbrista04aColombiaxVida social y costumbres